<?xml version="1.0" encoding="UTF-8"?>
<collection xmlns="http://www.loc.gov/MARC21/slim">
 <record>
  <leader>03172nam a2200313 a 4500</leader>
  <controlfield tag="001">1/45359</controlfield>
  <controlfield tag="008">140826s2004    ne            001 0 eng  </controlfield>
  <datafield tag="020" ind1=" " ind2=" ">
   <subfield code="a">1417537248 (electronic bk.)</subfield>
  </datafield>
  <datafield tag="020" ind1=" " ind2=" ">
   <subfield code="a">9781417537242 (electronic bk.)</subfield>
  </datafield>
  <datafield tag="020" ind1=" " ind2=" ">
   <subfield code="a">9781558609136</subfield>
  </datafield>
  <datafield tag="020" ind1=" " ind2=" ">
   <subfield code="a">155860913X</subfield>
  </datafield>
  <datafield tag="035" ind1=" " ind2=" ">
   <subfield code="l">48319</subfield>
  </datafield>
  <datafield tag="040" ind1=" " ind2=" ">
   <subfield code="a">N$T</subfield>
   <subfield code="b">eng</subfield>
   <subfield code="c">N$T</subfield>
   <subfield code="d">OCLCQ</subfield>
   <subfield code="d">YDXCP</subfield>
   <subfield code="d">OCLCQ</subfield>
   <subfield code="d">OCLCO</subfield>
   <subfield code="d">OCLCQ</subfield>
   <subfield code="d">OCLCF</subfield>
   <subfield code="d">OPELS</subfield>
   <subfield code="d">OCLCE</subfield>
   <subfield code="d">E7B</subfield>
   <subfield code="d">GR-PeUP</subfield>
  </datafield>
  <datafield tag="100" ind1="1" ind2=" ">
   <subfield code="a">Farrel, Adrian.</subfield>
  </datafield>
  <datafield tag="245" ind1="1" ind2="4">
   <subfield code="a">The Internet and its protocols</subfield>
   <subfield code="h">[electronic resource] :</subfield>
   <subfield code="b">a comparative approach /</subfield>
   <subfield code="c">Adrian Farrel.</subfield>
  </datafield>
  <datafield tag="260" ind1=" " ind2=" ">
   <subfield code="a">Amsterdam ;</subfield>
   <subfield code="a">Boston :</subfield>
   <subfield code="b">Morgan Kaufmann Publishers,</subfield>
   <subfield code="c">c2004.</subfield>
  </datafield>
  <datafield tag="300" ind1=" " ind2=" ">
   <subfield code="a">1 online resource (xxix, 809 p.) :</subfield>
   <subfield code="b">ill.</subfield>
  </datafield>
  <datafield tag="490" ind1="1" ind2=" ">
   <subfield code="a">Morgan Kaufmann series in networking</subfield>
  </datafield>
  <datafield tag="504" ind1=" " ind2=" ">
   <subfield code="a">Includes bibliographical references and index.</subfield>
  </datafield>
  <datafield tag="505" ind1="0" ind2=" ">
   <subfield code="a">Ch 1 Overview of Essentials Ch 2 The Internet Protocol Ch 3 Multicast Ch 4 Routing Ch 5 Concepts in IP Security Ch 6 IP Service Management Ch 7 Transport Over IP Ch 8 Traffic Engineering Ch 9 MPLS (Multiprotocol Label Switching) Ch 10 Generalized MPLS Ch 11 Managing Switches and Components Ch 12 Network Management Ch 13 Application Protocols Ch 14 Advanced Applications Ch 15 Future Developments.</subfield>
  </datafield>
  <datafield tag="520" ind1=" " ind2=" ">
   <subfield code="a">The view presented in The Internet and Its Protocols is at once broad and deep. It covers all the common protocols and how they combine to create the Internet in its totality. More importantly, it describes each one completely, examining the requirements it addresses and the exact means by which it does its job. These descriptions include message flows, full message formats, and message exchanges for normal and error operation. They are supported by numerous diagrams and tables. This book's comparative approach gives you something more valuable: insight into the decisions you face as you build and maintain your network, network device, or network application. Author Adrian Farrels experience and advice will dramatically smooth your path as you work to offer improved performance and a wider range of services. * Provides comprehensive, in-depth, and comparative coverage of the Internet Protocol (both IPv4 and IPv6) and its many related technologies. * Written for developers, operators, and managers, and designed to be used as both an overview and a reference. * Discusses major concepts in traffic engineering, providing detailed looks at MPLS and GMPLS and how they control both IP and non-IP traffic. * Covers protocols for governing routing and transport, and for managing switches, components, and the network as a whole, along with higher-level application protocols. * Offers thoughtful guidance on choosing between protocols, selecting features within a protocol, and other service- and performance-related decisions.</subfield>
  </datafield>
  <datafield tag="650" ind1=" " ind2="4">
   <subfield code="a">Computer network protocols.</subfield>
  </datafield>
  <datafield tag="650" ind1=" " ind2="4">
   <subfield code="a">Internet.</subfield>
  </datafield>
  <datafield tag="655" ind1=" " ind2="4">
   <subfield code="a">Electronic books.</subfield>
  </datafield>
  <datafield tag="830" ind1=" " ind2="0">
   <subfield code="a">Morgan Kaufmann series in networking.</subfield>
  </datafield>
  <datafield tag="852" ind1=" " ind2=" ">
   <subfield code="a">INST</subfield>
   <subfield code="b">UNIPILB</subfield>
   <subfield code="c">EBOOKS</subfield>
   <subfield code="e">20140826</subfield>
   <subfield code="p">00b48319</subfield>
   <subfield code="q">00b48319</subfield>
   <subfield code="t">ONLINE</subfield>
   <subfield code="y">0</subfield>
  </datafield>
  <datafield tag="856" ind1="4" ind2="0">
   <subfield code="3">ScienceDirect</subfield>
   <subfield code="u">http://www.sciencedirect.com/science/book/9781558609136</subfield>
  </datafield>
  <datafield tag="856" ind1="4" ind2=" ">
   <subfield code="d">/webopac/covers/03/48319_9781558609136.jpg</subfield>
  </datafield>
  <datafield tag="856" ind1="4" ind2=" ">
   <subfield code="d">/webopac/covers/03/48319_155860913X.jpg</subfield>
  </datafield>
 </record>
</collection>
